A statisztika a hazugság egyik formája ?

Bibliographic Details
Main Author: Balassa, Zoltán, 1949- (Author)
Format: Article
Language:Slovak
Hungarian
Subjects:

MARC

LEADER 00000nab a2200000 a 4500
001 vtls000914773
003 SK-MaSNL
005 20260318122046.0
008 040720e19910222xo 0 slo
035 |a KE23663 
040 |a KEVKJB  |b slo  |c KEVKJB  |e AACR2 
041 1 |a hun 
044 |a xo  |c SK 
080 |a 323.1=945.11  |2 1981 
080 |a 312  |2 1981 
100 1 |a Balassa, Zoltán,  |d 1949-  |4 aut  |9 502859 
245 1 0 |a A statisztika a hazugság egyik formája ? 
648 7 |a 1921-1980  |2 snkbucl  |9 1590841 
648 7 |a 1991  |2 snkbucl  |9 277043 
650 0 7 |a Maďari  |2 snkbucl  |9 18097 
650 0 7 |a sčítanie ľudu  |2 KEVKJB  |9 351892 
650 0 7 |a štatistické údaje  |2 KEVKJB  |9 71119 
651 7 |a Československo  |2 KEVKJB  |9 21376 
651 7 |a Slovensko  |2 KEVKJB  |9 14231 
773 0 8 |t A Hét  |g Roč. 36, č.8, 22.2.1991, s. 9 
852 |a ZVYKNI  |b KIS3GCP 
999 |c 3263314  |d 3265244